00506nam a2200193 u 45000010006000000050017000060080041000230350010000640350021000740400013000950410008001080820008001161000090001242450013002142500010002272600037002373000018002746500020002923253220260504072319.0960313s1963 spa  a32532 a(OCoLC)778076867 ccomduadb aspa 4a57210aLévi-Strauss, Claude,d1908-20094aut0(isni)00000001210350670(viaf)102346347eaut10aTotemism a01.ED aEstados Unidos :bBeacon,c1963. a116 páginas 7aTotemismo2lemb